000
00302nam a22001457a 4500
003
SGT
020
_a
9788195377404
082
_a
320
_b
A47L
100
_a
LOHIA, RAAMMANOHAR
245
_a
ACTION IN GOA
260
_b
AUGUST PUBLICATION HOUSE
_c
1947
300
_a
86
650
_a
150
942
_2
ddc
_c
BK
999
_c
28631
_d
28631